Southville International School and Colleges
Your cart is empty.
  • Cart
  • Lists
    Public lists Eva Luna New books Lux_list list_1
    Your lists Log in to create your own lists
  • Log in to your account
  • Your cookies
  • Search history
Southville International School and Colleges
  • Advanced search
  • Recent comments
  • Most popular
  • Libraries

Log in to your account

Log in with GOOGLE


If you do not have an external account, but do have a local account, you can still log in:

  1. Home
  2. MARC view: Twenty ads that shook the world :
Normal view MARC view ISBD view

Twenty ads that shook the world : (Record no. 339656)

[ view plain ]
MARC details
000 -LEADER
fixed length control field 00713nam a2200253Ia 4500
008 - FIXED-LENGTH DATA ELEMENTS--GENERAL INFORMATION
fixed length control field 170711s9999 xx 000 0 und d
020 ## - INTERNATIONAL STANDARD BOOK NUMBER
International Standard Book Number 609807234
050 ## - LIBRARY OF CONGRESS CALL NUMBER
Classification number 659.1
050 ## - LIBRARY OF CONGRESS CALL NUMBER
Item number T974 2000
100 ## - MAIN ENTRY--PERSONAL NAME
Personal name Twitchell, James B.
245 ## - TITLE STATEMENT
Title Twenty ads that shook the world :
245 ## - TITLE STATEMENT
Remainder of title the century's most groundbreaking advertising and how it changed us all /
245 ## - TITLE STATEMENT
Statement of responsibility, etc James B. Twitchell.
250 ## - EDITION STATEMENT
Edition statement First paperback edition.
260 ## - PUBLICATION, DISTRIBUTION, ETC. (IMPRINT)
Place of publication, distribution, etc New York :
260 ## - PUBLICATION, DISTRIBUTION, ETC. (IMPRINT)
Name of publisher, distributor, etc Three River Press,
260 ## - PUBLICATION, DISTRIBUTION, ETC. (IMPRINT)
Date of publication, distribution, etc 2000
300 ## - PHYSICAL DESCRIPTION
Extent 229 pages :
300 ## - PHYSICAL DESCRIPTION
Other physical details illustrations ;
300 ## - PHYSICAL DESCRIPTION
Dimensions 23cm.
500 ## - GENERAL NOTE
General note Icludes bibliographic reference and index.
650 ## - SUBJECT ADDED ENTRY--TOPICAL TERM
Topical term or geographic name as entry element Advertising.
700 ## - ADDED ENTRY--PERSONAL NAME
Personal name Title.

No items available.

Twenty ads that shook the world :

APA

Twitchell J. B., Title, .Twenty ads that shook the world. New York: .

Chicago

Twitchell James B, Title, .Twenty ads that shook the world. New York: .

Harvard

Twitchell J. B., Title, .Twenty ads that shook the world. New York: .

MLA

Twitchell James B, Title, .New York: . .

  • Print
  • Cite
  • Add to your cart (remove)
  • Save record
    BIBTEX Dublin Core MARCXML MARC (non-Unicode/MARC-8) MARC (Unicode/UTF-8) MARC (Unicode/UTF-8, Standard) MODS (XML) RIS
  • More searches
    Search for this title in:
    Other Libraries (WorldCat) Other Databases (Google Scholar) Online Stores (Bookfinder.com) Open Library (openlibrary.org)

Exporting to Dublin Core...

SOUTHVILLE LIBRARY

Southville International School and Colleges Library

1281 Tropical Ave. Cor. Luxembourg St., BF Homes International, Las Pinas City

Tel. No. 8256374 / 252358 Loc. 117/146

Powered by Koha